Flat Rolling Fundamentals/ (Record no. 32169)
[ view plain ]
| 000 -LEADER | |
|---|---|
| fixed length control field | 01275cam a22003374a 4500 |
| 001 - CONTROL NUMBER | |
| control field | 11955671 |
| 003 - CONTROL NUMBER IDENTIFIER | |
| control field | OSt |
| 005 - DATE AND TIME OF LATEST TRANSACTION | |
| control field | 20211216112809.0 |
| 008 - FIXED-LENGTH DATA ELEMENTS--GENERAL INFORMATION | |
| fixed length control field | 000327s2000 nyua b 001 0 eng |
| 010 ## - LIBRARY OF CONGRESS CONTROL NUMBER | |
| LC control number | 00037688 |
| 020 ## - INTERNATIONAL STANDARD BOOK NUMBER | |
| International Standard Book Number | 082478894X (alk. paper) |
| 038 ## - RECORD CONTENT LICENSOR | |
| Staff Name | Khadija |
| 040 ## - CATALOGING SOURCE | |
| Original cataloging agency | DLC |
| Transcribing agency | DLC |
| Modifying agency | DLC |
| 042 ## - AUTHENTICATION CODE | |
| Authentication code | pcc |
| 050 00 - LIBRARY OF CONGRESS CALL NUMBER | |
| Classification number | TS340 |
| Item number | .G5325 2000 |
| 082 00 - DEWEY DECIMAL CLASSIFICATION NUMBER | |
| Classification number | 671.32 |
| Edition number | 21 |
| Author Mark | GIN |
| 100 1# - MAIN ENTRY--PERSONAL NAME | |
| Personal name | Ginzburg, Vladimir B., |
| Dates associated with a name | 1935- |
| 9 (RLIN) | 86746 |
| 245 10 - TITLE STATEMENT | |
| Title | Flat Rolling Fundamentals/ |
| Statement of responsibility, etc. | Vladimir B. Ginzburg, Robert Ballas. |
| 260 ## - PUBLICATION, DISTRIBUTION, ETC. | |
| Place of publication, distribution, etc. | New York : |
| Name of publisher, distributor, etc. | Marcel Dekker, |
| Date of publication, distribution, etc. | 2000. |
| 300 ## - PHYSICAL DESCRIPTION | |
| Extent | vi, 839 p.: |
| Other physical details | ill. ; |
| Dimensions | 29 cm. |
| 440 #0 - SERIES STATEMENT/ADDED ENTRY--TITLE | |
| Title | Manufacturing engineering and materials processing ; |
| Volume/sequential designation | 57 |
| 9 (RLIN) | 86747 |
| 504 ## - BIBLIOGRAPHY, ETC. NOTE | |
| Bibliography, etc. note | Includes bibliographical references and index. |
| 563 ## - BINDING INFORMATION | |
| Binding note | HB |
| 650 #0 - SUBJECT ADDED ENTRY--TOPICAL TERM | |
| Topical term or geographic name entry element | Rolling (Metal-work) |
| 9 (RLIN) | 86748 |
| 650 #0 - SUBJECT ADDED ENTRY--TOPICAL TERM | |
| Topical term or geographic name entry element | Rolling-mill machinery. |
| 9 (RLIN) | 86749 |
| 700 1# - ADDED ENTRY--PERSONAL NAME | |
| Personal name | Ballas, Robert, |
| Dates associated with a name | 1955- |
| 9 (RLIN) | 86750 |
| 856 42 - ELECTRONIC LOCATION AND ACCESS | |
| Materials specified | Publisher description |
| Uniform Resource Identifier | <a href="http://www.loc.gov/catdir/enhancements/fy0648/00037688-d.html">http://www.loc.gov/catdir/enhancements/fy0648/00037688-d.html</a> |
| 906 ## - LOCAL DATA ELEMENT F, LDF (RLIN) | |
| a | 7 |
| b | cbc |
| c | orignew |
| d | 1 |
| e | ocip |
| f | 20 |
| g | y-gencatlg |
| 942 ## - ADDED ENTRY ELEMENTS (KOHA) | |
| Source of classification or shelving scheme | |
| Koha item type | Book |
| Withdrawn status | Lost status | Source of classification or shelving scheme | Damaged status | Not for loan | Permanent Location | Current Location | Shelving location | Date acquired | Full call number | Barcode | Date last seen | Price effective from | Koha item type |
|---|---|---|---|---|---|---|---|---|---|---|---|---|---|
| School of Mechanical & Manufacturing Engineering (SMME) | School of Mechanical & Manufacturing Engineering (SMME) | General Stacks | 07/28/2015 | 671.32 GIN | SMME-862 | 03/27/2018 | 07/28/2015 | Book |
